Learning BASIC fast /

Bibliographic Details
Main Author: DeRossi, Claude J.
Format: Book
Language:English
Published: Reston, Va. : Reston Pub. Co., [1979]
Edition:Rev. ed.
Subjects:

MARC

Tag First Indicator Second Indicator Subfields
LEADER 00000pam a2200000 a 4500
001 in00000084682
005 20151008053207.0
008 781207s1979 vaua 00110 engm
010 |a  78027516  
020 |a 0835939774 
035 |a (OCoLC)04515253 
035 |9 AAH6602AM 
040 |a DLC  |c DLC  |d TXA  |d UtOrBLW 
049 |a TXAM  |c [1561714] 
050 0 0 |a QA76.73 B3  |b  D47 1979 
082 0 |a 001.6/424 
100 1 |a DeRossi, Claude J. 
245 1 0 |a Learning BASIC fast /  |c Claude J. DeRossi. 
250 |a Rev. ed. 
264 1 |a Reston, Va. :  |b Reston Pub. Co.,  |c [1979] 
264 4 |c ©1979 
300 |a ix, 211 pages :  |b illustrations ;  |c 23 cm. 
336 |a text  |b txt  |2 rdacontent 
337 |a unmediated  |b n  |2 rdamedia 
338 |a volume  |b nc  |2 rdacarrier 
500 |a Includes index. 
650 0 |a BASIC (Computer program language) 
999 |a MARS 
999 f f |s 96226248-c9a3-3763-ba72-733df6b06768  |i 7189efe3-cf2e-3c82-a186-8267596ea8d3  |t 0 
952 f f |p ric  |a Texas A&M University  |b Rellis Campus  |c Joint Library Facility  |d Remote Storage  |t 0  |e QA76.73 B3 D47 1979  |h Library of Congress classification  |i unmediated -- volume  |m A14805956245 
998 f f |a QA76.73 B3 D47 1979  |t 0  |l Remote Storage